000 00549nmm a2200169Ia 4500
008 251105s9999||||xx |||||||||||||||||und||
020 _a9788437064055
041 _aspa
100 _aSapiña Navarro, Fernando
245 0 _aEl reto energético :
_b Gestionando el legado de Prometeo
264 _a[Madrid, España] :
_bPublicaciones de la Universidad de Valencia (PUV),
_c2006
300 _a140 páginas
490 _aSin fronteras
650 _aEnvironmental Sciences
856 _uhttps://public.digitaliapublishing.com/a/34957
942 _cCF
999 _c82347
_d82347